Werder Bremen Kader - 2010/2011 - Statistiken

Allgemein
  • Dieses Quiz wurde 51 mal gespielt
  • Das Durchschnittsergebnis liegt bei 18 aus 38
Antwortstatistiken
Position Spieler % Korrekt
TW Tim Wiese
98%
MIT Torsten Frings
90%
ANG Claudio Pizarro
85%
VER Naldo
85%
VER Per Mertesacker
85%
ANG Markus Rosenberg
83%
VER Clemens Fritz
81%
MIT Marko Marin
77%
ANG Hugo Almeida
75%
MIT Mesut Özil
75%
TW Sebastian Mielitz
73%
MIT Aaron Hunt
67%
TW Christian Vander
67%
MIT Tim Borowski
67%
ANG Marko Arnautovic
65%
VER Sebastian Boenisch
63%
VER Sebastian Prödl
60%
VER Petri Pasanen
56%
MIT Phillip Bargfrede
50%
MIT Daniel Jensen
48%
TW Felix Wiedwald
40%
ANG Sandro Wagner
40%
MIT Wesley
38%
MIT Jurica Vranjes
35%
VER Mikael Silvestre
35%
ANG Lennart Thy
27%
MIT Felix Kroos
19%
MIT Florian Trinks
19%
VER Dominik Schmidt
15%
ANG Denni Avdic
13%
VER Niklas Andersen
10%
ANG Onur Ayik
10%
ANG Pascal Testroet
10%
MIT Kevin Schindler
8%
VER Leon Balogun
8%
MIT Said Husejinovic
8%
MIT Predrag Stevanovic
4%
VER Samuel Jesus
2%
Keine übereinstimmenden Quizze gefunden
Verteilung der Resultate
Anzahl Personen mit jedem Resultat
Perzentil nach korrekt beantworteten Fragen
Ihre Resultats-Entwicklung
Sie haben dieses Quiz noch nicht gespielt